Statistics for Currencies of the world with map

Click here to take the quiz!

General Stats

  • This quiz has been taken 101 times
  • The average score is 132 of 196

Answers on the Map

Answers color-coded by a green-red scale on the quiz's map according to % correct below.
 

Answer Stats

CountryCurrency% Correct
Australia | Kiribati | Nauru | TuvaluAustralian dollar
97%
BahamasBahamian dollar
97%
BarbadosBarbadian dollar
97%
BelizeBelize dollar
97%
BruneiBrunei dollar
97%
CanadaCanadian dollar
97%
Antigua and Barbuda | Dominica | Grenada | +3 othersEast Caribbean dollar
97%
FijiFijian dollar
97%
GuyanaGuyanese dollar
97%
JamaicaJamaican dollar
97%
LiberiaLiberian dollar
97%
NamibiaNamibian dollar
97%
TaiwanNew Taiwan dollar
97%
New ZealandNew Zealand dollar
97%
SingaporeSingapore dollar
97%
Solomon IslandsSolomon Islands dollar
97%
SurinameSurinamese dollar
97%
Trinidad and TobagoTrinidad and Tobago dollar
97%
East Timor | Ecuador | El Salvador | +5 othersUnited States dollar
97%
United KingdomBritish pound
96%
EgyptEgyptian pound
96%
LebanonLebanese pound
96%
South SudanSouth Sudanese pound
96%
SudanSudanese pound
96%
SyriaSyrian pound
96%
ArgentinaArgentine peso
95%
ChileChilean peso
95%
ColombiaColombian peso
95%
CubaCuban peso
95%
Dominican RepublicDominican peso
95%
Andorra | Austria | Belgium | +22 othersEuro
95%
MexicoMexican peso
95%
PhilippinesPhilippine peso
95%
UruguayUruguayan peso
95%
JapanJapanese yen
85%
BurundiBurundian franc
84%
Cameroon | Central African Republic | Chad | +3 othersCentral African CFA franc
84%
ComorosComorian franc
84%
Democratic Republic
of the Congo
Congolese franc
84%
DjiboutiDjiboutian franc
84%
GuineaGuinean franc
84%
RwandaRwandan franc
84%
Liechtenstein | SwitzerlandSwiss franc
84%
Benin | Burkina Faso | Guinea-Bissau | +5 othersWest African CFA franc
84%
AlgeriaAlgerian dinar
80%
BahrainBahraini dinar
80%
BelarusBelarusian ruble
80%
IndiaIndian rupee
80%
IraqIraqi dinar
80%
JordanJordanian dinar
80%
KuwaitKuwaiti dinar
80%
LibyaLibyan dinar
80%
MauritiusMauritian rupee
80%
NepalNepalese rupee
80%
PakistanPakistani rupee
80%
RussiaRussian ruble
80%
SerbiaSerbian dinar
80%
SeychellesSeychellois rupee
80%
Sri LankaSri Lankan rupee
80%
TunisiaTunisian dinar
80%
IcelandIcelandic króna
69%
SwedenSwedish krona
69%
ChinaChinese yuan
68%
DenmarkDanish krone
68%
NorwayNorwegian krone
68%
TurkeyTurkish lira
66%
BrazilBrazilian real
64%
PolandPolish zloty
62%
North KoreaNorth Korean won
55%
South KoreaSouth Korean Won
55%
Bosnia and
Herzegovina
Bosnia and Herzegovina convertible mark
54%
BulgariaBulgarian lev
51%
IranIranian rial
51%
OmanOmani rial
51%
VenezuelaVenezuelan bolívar
51%
YemenYemeni rial
51%
South AfricaSouth African rand
50%
QatarQatari riyal
47%
Saudi ArabiaSaudi riyal
47%
Czech RepublicCzech koruna
46%
IsraelIsraeli new shekel
46%
KenyaKenyan shilling
46%
SomaliaSomali shilling
46%
TanzaniaTanzanian shilling
46%
UgandaUgandan shilling
46%
AlbaniaAlbanian lek
45%
MoroccoMoroccan dirham
45%
ThailandThai baht
45%
United Arab EmiratesUnited Arab Emirates dirham
45%
HungaryHungarian forint
42%
MoldovaMoldovan leu
42%
RomaniaRomanian leu
42%
VietnamVietnamese dong
41%
IndonesiaIndonesian rupiah
39%
PeruPeruvian sol
39%
CroatiaCroatian kuna
36%
MalaysiaMalaysian ringgit
36%
AfghanistanAfghan afghani
35%
Cape VerdeCape Verdean escudo
35%
GuatemalaGuatemalan quetzal
34%
ArmeniaArmenian dram
32%
KyrgyzstanKyrgyzstani som
32%
UzbekistanUzbekistani som
32%
UkraineUkrainian hryvnia
31%
North MacedoniaMacedonian denar
30%
AzerbaijanAzerbaijani manat
27%
BoliviaBolivian boliviano
27%
Costa RicaCosta Rican colón
27%
MalawiMalawian kwacha
27%
TurkmenistanTurkmenistan manat
27%
ZambiaZambian kwacha
27%
AngolaAngolan kwanza
26%
CambodiaCambodian riel
24%
EthiopiaEthiopian birr
24%
KazakhstanKazakhstani tenge
24%
MongoliaMongolian tögrög
24%
PanamaPanamanian balboa
24%
Sierra LeoneSierra Leonean leone
24%
BangladeshBangladeshi taka
23%
BotswanaBotswana pula
23%
GeorgiaGeorgian lari
23%
HondurasHonduran lempira
23%
LaosLao kip
23%
NigeriaNigerian naira
23%
ParaguayParaguayan guaraní
23%
MyanmarBurmese kyat
22%
HaitiHaitian gourde
22%
NicaraguaNicaraguan córdoba
22%
GhanaGhanaian cedi
20%
LesothoLesotho loti
20%
MozambiqueMozambican metical
20%
TajikistanTajikistani somoni
20%
MadagascarMalagasy ariary
19%
MaldivesMaldivian rufiyaa
19%
Papua New GuineaPapua New Guinean kina
19%
SamoaSamoan tala
19%
VanuatuVanuatu vatu
19%
EritreaEritrean nakfa
18%
GambiaGambian dalasi
16%
MauritaniaMauritanian ouguiya
16%
São Tomé and PríncipeSão Tomé and Príncipe dobra
15%
BhutanBhutanese ngultrum
14%
TongaTongan pa'anga
14%
EswatiniSwazi lilangeni
12%

Score Distribution

Percentile by Number Answered

Percent of People with Each Score

Your Score History

You have not taken this quiz